Dokończ zdanie - wiedza ogólna ABCD #2 - Statystyki

Ogólne statystyki
  • Ten quiz został rozwiązany 48 razy
  • Średni wynik to 12 z 15
Statystyki odpowiedzi
Zagadnienie Odpowiedź % Poprawnych
Jedyny Polski Papież Jan Paweł II nazywał się: Karol Wojtyła
100%
Maria Skłodowska-Curie wynalazła pierwiastek chemiczny o nazwie: Rad
98%
Trzej Królowie nazywali się: Baltazar, Melchior, Kacper
95%
Sekwana jest: Rzeką we Francji
95%
Fotosynteza to proces w którym: rośliny wykorzystują światło do wytwarzania glukozy i tlenu z CO2 i Wody
93%
Największe miasto w Polsce na literę C to: Częstochowa
88%
Marką która NIE produkuje czekolady jest: Wszystkie z powyższych produkują czekoladę
85%
Otto von Bismarck pochodził z: Niemiec
83%
"Czarna Śmierć" to potoczna nazwa choroby o nazwie: Dżuma
80%
Stolicą Szkocji jest: Glasgow
75%
Dopełniacz odpowiada na pytanie: kogo? czego?
75%
Vaduz jest stolicą: Liechtensteinu
75%
Dominującą energią elektryczną w Danii jest energia: wiatrowa
70%
Morze graniczące z Holandią to morze: Północne
68%
Najwyższy szczyt Sudetów w Polsce nosi nazwę: Śnieżka
53%
Nie znaleziono quizów pasujących do podanych kryteriów
Rozkład punktacji
Procent ludzi z każdym wynikiem
Percentyl według liczby udzielonych odpowiedzi
Twoja historia wyników
Nie rozwiązałeś tego quizu